Man and superman : (Record no. 5949)
[ view plain ]
| 000 -LEADER | |
|---|---|
| fixed length control field | 00743nam a2200253 a 4500 |
| 001 - CONTROL NUMBER | |
| JCCL Control Number | 5949 |
| 003 - CONTROL NUMBER IDENTIFIER | |
| JCCL marc code | BD-JHcc |
| 005 - DATE AND TIME OF LATEST TRANSACTION | |
| control field | 20171231111558.0 |
| 008 - FIXED-LENGTH DATA ELEMENTS--GENERAL INFORMATION | |
| fixed length control field | 171231s1903 enk 000 1 eng d |
| 035 ## - SYSTEM CONTROL NUMBER | |
| system control number | (BD-JHcc)5949 |
| 035 ## - SYSTEM CONTROL NUMBER | |
| system control number | (OCoLC)899619 |
| 040 ## - CATALOGING SOURCE | |
| Original cataloging agency | BD-JHcc |
| Transcribing agency | BD-JHcc |
| Modifying agency | m.c |
| 041 ## - LANGUAGE CODE | |
| Language code of Book | eng |
| 050 #4 - LIBRARY OF CONGRESS CALL NUMBER | |
| Classification number | PR5363 |
| Item number | .M3 1903 Copy 1 |
| 082 ## - DEWEY DECIMAL CLASSIFICATION NUMBER | |
| Classification number | 822.23 |
| Author mark and Year | SHA 1903 |
| 100 1# - MAIN ENTRY--PERSONAL NAME | |
| Personal name | Shaw, Bernard, |
| Dates associated with a name | 1856-1950. |
| 245 10 - TITLE STATEMENT | |
| Title | Man and superman : |
| Remainder of title | a comedy and a philosophy / |
| Statement of responsibility, etc | by Bernard Shaw |
| 260 ## - PUBLICATION, DISTRIBUTION, ETC. (IMPRINT) | |
| Place of publication, distribution, etc | London : |
| Name of publisher, distributor, etc | A. Constable, |
| Date of publication, distribution, etc | 1903 |
| 300 ## - PHYSICAL DESCRIPTION | |
| Pagination | xxxviii, 264 p. ; |
| Dimensions | 19 cm |
| 505 0# - FORMATTED CONTENTS NOTE | |
| Formatted contents note | Man and superman.--The revolutionist's handbook.--Maxims for revolutionists |
| 650 ## - SUBJECT ADDED ENTRY--TOPICAL TERM | |
| Topical term or geographic name as entry element | English Drama |
| 942 ## - ADDED ENTRY ELEMENTS (KOHA) | |
| Source of classification or shelving scheme | Dewey Decimal Classification |
| Koha item type | Books |
| Source of classification or shelving scheme | Damaged status | Not for loan | Home library | Current library | Shelving location | Date of accession | Total Checkouts | Full call number | Barcode | Date last seen | Copy number | Koha item type |
|---|---|---|---|---|---|---|---|---|---|---|---|---|
| Dewey Decimal Classification | JCC Rouf Library | JCC Rouf Library | General Stacks | 12/31/2017 | 822.23 SHA 1903 | 8395 | 12/31/2017 | C - 1 | Books |